| 000 | 00727nam a2200181 i 4500 | ||
|---|---|---|---|
| 001 | 87784 | ||
| 003 | ES-MaACL | ||
| 005 | 20230906175735.0 | ||
| 007 | t| | ||
| 008 | 041223s1967 sp ||||1| spa d | ||
| 100 | 1 |
_aLaborderie, Fernand de. _969251 |
|
| 245 | 1 | 0 |
_aArte y técnica de la impresión _b: procedimientos y aplicaciones / _cFernand de Laborderie y Jean Boisseau ; versión castellana de la segunda edición francesa aumentada y refundida por Jaime Torrente Ballester. |
| 260 |
_aZaragoza : _bAcribia, _c[1967] ( _fHeraldo de Aragón) |
||
| 300 |
_aXV, 308 p., 2 lám. : _bil. ; _c23 cm. |
||
| 700 | 1 |
_aBoisseau, Jean. _929865 |
|
| 700 | 1 |
_aTorrente Ballester, Jaime. _9110852 |
|
| 852 |
_aES-MaACL _jC-32283 _bR.62760 |
||
| 999 |
_c87784 _d87784 |
||